Osobitný spôsob zdaňovania príjmov - paušálna daň

Rozšírenie okruhu činností, pri ktorých možno počnúc rokom 2002 uplatniť paušálnu daň. Príjmy, ktoré neovplyvnia uplatnenie paušálnej dane. Možnosti paušálnej dane pri začatí činností v priebehu roka. Porušenie podmienok na uplatnenie paušálnej dane a jeho dôsledky. Úľava na paušálnej dani.

Na minha lista:
Detalhes bibliográficos
Autor principal: Ščevovichova, Monika
Formato: Capítulo de Livro
Idioma:eslovaco
Assuntos:
Tags: Adicionar Tag
Sem tags, seja o primeiro a adicionar uma tag!

MARC

LEADER 00000naa a2200000 4500
001 r044124
005 20230925125250.7
041 0 |a slo 
044 |a SK 
245 1 0 |a Osobitný spôsob zdaňovania príjmov - paušálna daň  |c Monika Ščevovichova 
520 |a Rozšírenie okruhu činností, pri ktorých možno počnúc rokom 2002 uplatniť paušálnu daň. Príjmy, ktoré neovplyvnia uplatnenie paušálnej dane. Možnosti paušálnej dane pri začatí činností v priebehu roka. Porušenie podmienok na uplatnenie paušálnej dane a jeho dôsledky. Úľava na paušálnej dani. 
610 2 0 |a dane z príjmov 
610 2 0 |a daňovníci 
610 2 0 |a dane paušálne 
610 2 0 |a zdaňovanie 
610 2 0 |a úľavy daňové 
100 1 |a Ščevovichova, Monika